<?xml version="1.0" encoding="UTF-8"?>
<record
    xmlns:xsi="http://www.w3.org/2001/XMLSchema-instance"
    xsi:schemaLocation="http://www.loc.gov/MARC21/slim http://www.loc.gov/standards/marcxml/schema/MARC21slim.xsd"
    xmlns="http://www.loc.gov/MARC21/slim">

  <leader>00943nam a22002297a 4500</leader>
  <controlfield tag="003">LK-CoDNM</controlfield>
  <controlfield tag="005">20241004103023.0</controlfield>
  <controlfield tag="008">241004b        |||||||| |||| 00| 0 eng d</controlfield>
  <datafield tag="040" ind1=" " ind2=" ">
    <subfield code="a">LK-CoDNM</subfield>
    <subfield code="d">LK-CoDNM</subfield>
    <subfield code="e">LK-CoDNM</subfield>
  </datafield>
  <datafield tag="041" ind1=" " ind2=" ">
    <subfield code="a">sin</subfield>
  </datafield>
  <datafield tag="080" ind1=" " ind2=" ">
    <subfield code="a">105</subfield>
    <subfield code="b">A16</subfield>
  </datafield>
  <datafield tag="100" ind1=" " ind2=" ">
    <subfield code="a">&#xD9A;&#xDD4;&#xDA9;&#xD9C;&#xDBD;&#xDCA;&#xD86;&#xDBB;&#xDDA; &#xDC3;&#xDBB;&#xDAB;&#xDC3;&#xDD2;&#xDBB;&#xDD2; &#xDC4;&#xDD2;&#xDB8;&#xDD2;</subfield>
  </datafield>
  <datafield tag="245" ind1=" " ind2=" ">
    <subfield code="a">&#xD9C;&#xDD2;&#xDC4;&#xDD2;&#xDBA;&#xDCF; &#xDC3;&#xDD2;&#xDBD;&#xDCA;&#xDC0;&#xDAD;&#xDD9;&#xD9A;&#xDD4; &#xDC0;&#xDD2;&#xDD2;&#xDB8;&#xDA7; &#xDB4;&#xD82;&#xDA0; &#xDC1;&#xDD2;&#xDD2;&#xDBD;&#xDBA; &#xDBB;&#xDD0;&#xD9A;&#xDD2;&#xDBA; &#xDBA;&#xDD4;&#xDAD;&#xDD4;&#xDBA;</subfield>
  </datafield>
  <datafield tag="260" ind1=" " ind2=" ">
    <subfield code="a">&#xD9A;&#xDA7;&#xDD4;&#xDC0;&#xDB1; </subfield>
    <subfield code="b">&#xDA0;&#xDAD;&#xDD4;&#xDBB; &#xDB4;&#xDCA;&#x200D;&#xDBB;&#xDD2;&#xDB1;&#xDCA;&#xDA7;&#xDBB;&#xDCA;&#xDC3;&#xDCA;</subfield>
    <subfield code="c">1995</subfield>
  </datafield>
  <datafield tag="300" ind1=" " ind2=" ">
    <subfield code="b">10p. ; 24 cm</subfield>
  </datafield>
  <datafield tag="650" ind1=" " ind2=" ">
    <subfield code="a">&#xD9C;&#xDD2;&#xDC4;&#xDD2;&#xDBA;&#xDCF; &#xDC3;&#xDD2;&#xDBD;&#xDCA;&#xDC0;&#xDAD;&#xDD9;&#xD9A;&#xDD4; &#xDC0;&#xDD2;&#xDD2;&#xDB8;&#xDA7; &#xDB4;&#xD82;&#xDA0; &#xDC1;&#xDD2;&#xDD2;&#xDBD;&#xDBA; &#xDBB;&#xDD0;&#xD9A;&#xDD2;&#xDBA; &#xDBA;&#xDD4;&#xDAD;&#xDD4;&#xDBA;</subfield>
  </datafield>
  <datafield tag="650" ind1=" " ind2=" ">
    <subfield code="a">&#xD9A;&#xDD4;&#xDA9;&#xD9C;&#xDBD;&#xDCA;&#xD86;&#xDBB;&#xDDA; &#xDC3;&#xDBB;&#xDAB;&#xDC3;&#xDD2;&#xDBB;&#xDD2; &#xDC4;&#xDD2;&#xDB8;&#xDD2;</subfield>
  </datafield>
  <datafield tag="650" ind1=" " ind2=" ">
    <subfield code="a">&#xDA0;&#xDAD;&#xDD4;&#xDBB; &#xDB4;&#xDCA;&#x200D;&#xDBB;&#xDD2;&#xDB1;&#xDCA;&#xDA7;&#xDBB;&#xDCA;&#xDC3;&#xDCA;</subfield>
  </datafield>
  <datafield tag="650" ind1=" " ind2=" ">
    <subfield code="a">&#xD9A;&#xDA7;&#xDD4;&#xDC0;&#xDB1; </subfield>
  </datafield>
  <datafield tag="650" ind1=" " ind2=" ">
    <subfield code="a">105 A16</subfield>
  </datafield>
  <datafield tag="942" ind1=" " ind2=" ">
    <subfield code="c">BK</subfield>
  </datafield>
  <datafield tag="952" ind1=" " ind2=" ">
    <subfield code="0">0</subfield>
    <subfield code="1">0</subfield>
    <subfield code="4">1</subfield>
    <subfield code="7">0</subfield>
    <subfield code="8">OBC</subfield>
    <subfield code="a">MAIN</subfield>
    <subfield code="b">MAIN</subfield>
    <subfield code="c">REF</subfield>
    <subfield code="d">2024-10-04</subfield>
    <subfield code="l">0</subfield>
    <subfield code="o">105 A16</subfield>
    <subfield code="p">OJP2870-6</subfield>
    <subfield code="r">2024-10-04</subfield>
    <subfield code="w">2024-10-04</subfield>
    <subfield code="y">BK</subfield>
  </datafield>
  <datafield tag="999" ind1=" " ind2=" ">
    <subfield code="c">217590</subfield>
    <subfield code="d">217590</subfield>
  </datafield>
</record>
